Bryan's General Knowledge (formerly easy general knowledge) - Statistics

General Stats
  • This quiz has been taken 278 times
  • The average score is 8 of 15
Answer Stats
Hint Answer % Correct
These are man's best friend Dogs
85%
These are a girl's best friend Diamonds
77%
What country is Nelson Mandela from? South Africa
70%
What country do chihuahuas originate from? Mexico
65%
You Only Live Once YOLO
65%
If it is 9 A.M. in New York what time is it in San Francisco? 6 A.M.
63%
What theory did Darwin create? Evolution
62%
Who wrote The Raven? Edgar Allen Poe
55%
What organ is mainly involved with diabetes? Pancreas
54%
What city do the Spurs play in? San Antonio
42%
What is the uncontrolled division of cells called? Cancer
33%
Who was elected for 4 terms as US President? Franklin Delano Roosevelt
33%
Where did Joe Paterno Coach? Penn State
24%
What is George W. Bush's nickname? Dubya
15%
Who is the commisioner of the NFL? Roger Goodell
15%
No matching quizzes found
Score Distribution
Percent of People with Each Score
Percentile by Number Answered
Your Score History
You have not taken this quiz